| 000 | 00713nam a2200217 i 4500 | ||
|---|---|---|---|
| 001 | 127660 | ||
| 003 | ES-MaACL | ||
| 005 | 20230906193046.0 | ||
| 007 | t| | ||
| 008 | 191211s1971 sp r ||||1| spa d | ||
| 100 | 1 |
_aMonloubou, Louis ( _d1924-2012) _982233 |
|
| 245 | 1 | 0 |
_aProfetismo y profetas : _bProfeta, ¿quien eres tu? / _cLouis Monloubou ; [traducción por Luis Gago Fernández]. |
| 260 |
_aMadrid : _bFax, _c[1971] |
||
| 300 |
_a253 p. ; _c22 cm. |
||
| 490 | 1 |
_aColección Actualidad Bíblica ; _v26 |
|
| 650 | 4 |
_aProfetas. _9169060 |
|
| 700 | 0 |
_aGago Fernández, Luis. _953237 |
|
| 830 | 0 |
_aColección Actualidad Bíblica ; _v26 _9219212 |
|
| 852 |
_aES-MaACL _jP-1131-2 |
||
| 999 |
_c127660 _d127660 |
||